Регионална библиотека "Любен Каравелов" - Русе

Може би на покрива има кон Иржи Шотола (Запис номер 447613)

MARC детайли
000 -Лидер
Контролно поле с фиксирана дължина 01140nam a2200301 a 4500
003 - Код на организацията, давaща контролен номер
Контролно поле BLK
005 - Дата и час на последна редакция
Контролно поле 20230628131530.0
008 - Елементи от данни с фиксирана дължина
fixed length control field 180409b bul|||||r ||||||| ||bul||
040 ## - Източник на каталожния запис
Идентификатор на билиотеката - собственик на записа BLK
041 ## - Код за език
Код за езика на текст/звукозапис или на отделно заглавие Български
Код за езика КДБФ Български
080 ## - УДК
Текстов определител УДК Драматични театри. Театри за драма и комедия. Вж и 82-2
УДК код - определител по УДК 792.2
УДК определител (497.215)(062)
УДК - код + определител 792.2(497.215)(062)
139 ## - Редно поле
Редна дума Театър Барбуков
Авторски знак Те - Т 45
245 10 - Сведения за заглавието
Заглавие Може би на покрива има кон Иржи Шотола
Подзаглавни данни Комедия в три действия
Редно поле (дума) прев. Наташа Добринска
Физически носител (вид на носителя) [Малотир. изд.]
257 ## - Страна на издаване
Страна на създаване/издаване България
260 ## - Област на издателските данни
Място на издаване, разпространение и проч. Русе
Година на издаване 1994
300 ## - Физическа характеристика
Страници 12 с.
Илюстрации и др. с ил.
Размери/Мащаб 20 см
380 ## - Жанр
Жанр Изкуство
500 ## - Общи забележки
Забележка Сезон 1994/1995<br/>Постановка: Крикор Азарян ; Сценография: Стефан Савов
651 #7 - Допълнително описание по предмет - топоним
Географско понятие Русе
9 (RLIN) 179462
653 #7 - Ключова дума – ненормативна
Ключова дума постановки
9 (RLIN) 194236
653 ## - Ключова дума – ненормативна
Ключова дума комедия
852 ## - Местоположение
Форматна сигнатура К 792/Т 45
Фондова буква Краезнание
856 4# - Електронен адрес и достъп
Електронен формат pdf - файл
856 4# - Електронен адрес и достъп
Електронен формат pdf - файл
999 ## - СИСТЕМНИ КОНТРОЛНИ НОМЕРА
Koha biblionumber 447613
Koha biblioitemnumber 447613
942 ## - АРТИКУЛИ
Вид на библиотечния материал Книги
Скрит в OPAC Не
Периодичен библиозапис Да
Koha issues (borrowed), all copies 1
944 ## - СЪЗДАВАНЕ И РЕДАКЦИЯ на ЗАПИСА
Създаване/Редакция Създаване
Дата на регистрацията/редакция 2022-03-08
Статус, дата на статуса 2022-03-08
Служител, извършил регистрацията/редакцията К.Д.
999 ## - СИСТЕМНИ КОНТРОЛНИ НОМЕРА
Koha biblioitemnumber 447613
Наличности
Код за отписване Код за изгубен артикул Източник на класификационната схема Код за повреда Коз за рестрикции Код за отдаване Артикулен № Име на библиотеката - собственик Име на библиотеката, в която се намира в момента Статус (Текущо местоположение) Дата на вписване в системата Местоположение - отдел Цена в лева Систематично азбучна сигнатура Баркод Цена в евро Служебен тип на артикула
  Не е изгубен Universal Decimal Classification Не е повреден само за читалня ползва се в читалня 876235 Регионална библиотека "Любен Каравелов" Русе Регионална библиотека "Любен Каравелов" Русе Краезнание 2022-03-17 Краезнание 1.00 К 792/Т 45 120000868748 0.51 Книги
Vip Innovations Ltd, Rousse, Bulgaria 2025